000 00334 a2200157 4500
001 57227
020 _a8516035433
040 _cAnchieta - Pituba
100 _aCarrasco, Walcyr
240 1 0 _aO menino narigudo
_lpor
245 1 0 _aO menino narigudo
300 _a80
362 0 _a2007
650 4 _aLiteratura juvenil
942 _cBK
999 _c57227
_d57227